000 00671nam a2200289Ia 4500
005 20260324144828.0
008 008 260324s9999 xx 000 0 eng d
020 _a9781315203348
037 _aEBOOK
040 _aCRL
040 _beng
040 _cCRL
041 _2eng
041 _aeng
084 _qCRL
100 _aRobert Young
_91220763
245 0 _aPersonal Autonomy
245 0 _bBeyond Negative and Positive Liberty
260 _bTaylor and Francis
260 _c1986
365 _a
365 _b170
856 _uhttp://www.taylorfrancis.com/books/9781315203348
942 _cEBOOK
999 _c1827865
_d1827865